000 00921nam a2200289 i 4500
003 EG-GICUC
005 20260402144116.0
008 260402s1975 cau |||fr|||| 00| 0 eng d
040 _aEG-GiCUC
_beng
_cEG-GiCUC
_dEG-GiCUC
_erda
082 0 4 _221
_a343.1
_bEM
092 0 4 _221
099 _aLaw1 10 343.1 EM 1975
245 0 0 _aEminent Domain Law With Conforming Changes in Codified Sections and Official Comments.
264 1 _aCalifornia :
_bCalifornia Continuing Education of the Bar,
_c1975
300 _a1514 pages;
_c24 cm.
336 _2rda content
_atext
337 _2rda media
_aComputer
338 _2rda carrier
_aOnline Resource
500 _aIndex
546 _aText in English
650 1 _aCriminal Law - The General Part
_2qrmak
650 1 _aCriminal Law
_2qrmak
651 1 _2qrmak
856 4 0 _uhttps://fll.law.cu.edu.eg/fulltext/bks/B10-08910.pdf
905 _a54
942 _2ddc
_cBK
_e21
_n0
999 _c68448
_d68448